| 000 | 00676nam a2200229 4500 | ||
|---|---|---|---|
| 003 | OSt | ||
| 005 | 20240718052217.0 | ||
| 006 | a | ||
| 008 | 240718b |||||||| |||| 00| 0 eng d | ||
| 020 | _a8171798357 | ||
| 040 |
_aDWCL-HMN lib. _cOC |
||
| 082 | _aCirc. 612 B594f 2001 | ||
| 100 | _aBijlani, RL | ||
| 245 | _aFundamentals of physiology: a textbook for nursing students / | ||
| 260 |
_aNew Delhi: _bJaypee Brothers Medical Pub. (P) Ltd., _cc2001. |
||
| 300 |
_aviii, _b434 p. : ill. ; _c24 cm. |
||
| 504 | _aIncludes index. | ||
| 650 | _a1. Physiology. | ||
| 650 | _a2. Medical physiology. | ||
| 650 | _a3. Human physiology. | ||
| 942 |
_2ddc _n0 _cBK-CIRC _kCirc. |
||
| 999 |
_c2365 _d2365 |
||